000
00288nam a2200097Ia 4500
082
_a
TSO|F|THUK
245
0
_a
A hi fambe m'nghaname
100
_a
Thuketana, Felix A. Elim Hospital, [South Africa], [c.2011]
_9
53492
942
_c
BK
008
210817s9999 xx 000 0 und d
999
_c
169639
_d
169638